Les catégories de poids à la boxe (professionnelle) - Statistiques

Statistiques générales
  • Ce quiz a été pris 96 fois
  • Le résultat moyen est 10 sur 17
Statistiques - réponses
Amplitude de poids Catégories de poids à la boxe % Correct
Plus de 90,718 kg Poids lourds
95%
Entre 58,967 et 61,234 kg Poids légers
90%
Entre 55,338 et 57,152 kg Poids plumes
76%
Entre 69,853 et 72,574 kg Poids moyens
74%
Entre 76,203 et 79,378 kg Poids mi-lourds
72%
Entre 48,988 et 50,802 kg Poids mouches
60%
Entre 63,502 et 66,678 kg Poids welters/mi-moyens
57%
Entre 52,163 et 53,523 kg Poids coqs
56%
Entre 61,234 et 63,502 kg Poids super-légers
55%
Entre 72,574 et 76,203 kg Poids super-moyens
51%
Entre 57,152 et 58,967 kg Poids super-plumes
49%
Entre 79,378 et 90,718 kg Poids lourds-légers
45%
Entre 53,523 et 55,338 kg Poids super-coqs
43%
Entre 50,802 et 52,163 kg Poids super-mouches
40%
Entre 66,678 et 69,853 kg Poids super-welters/super-mi-moyens
38%
Moins de 47,624 kg Poids pailles
37%
Entre 47,627 et 48,987 Poids mi-mouches
30%
Aucun quiz correspondant
Distribution des résultats
% des personnes avec chaque résultat
Percentile par nombre de réponses
Votre historique - résultats
Vous n’avez pas pris ce quiz